000
00309nam a22001337a 4500
020
_a
0-440-86416-X
082
_a
823
_b
WIL/C
100
_a
JACQUELINE WILSON
245
_a
THE CAT MUMMY
260
_a
LONDON
_b
CORGI YEARLING
_c
2002
300
_a
96
650
_a
CHILDREN'S STORY BOOK
_z
UNITED KINGDOM
942
_c
BK
999
_c
114
_d
114